Noms de pays en... breton ! - Statistiques

Statistiques générales
  • Ce quiz a été pris 155 fois
  • Le résultat moyen est 17 sur 20
Statistiques - réponses
Pays en breton Nom français % Correct
Arabia Saoudat Arabie saoudite
100%
Aostralia Australie
100%
Belgia Belgique
100%
Spagn Espagne
100%
Gres Grèce
100%
Maroko Maroc
100%
Zeland-Nevez Nouvelle-Zélande
100%
Republik Dominikan République dominicaine
100%
Rusia Russie
100%
Sveden Suède
100%
Turkia Turquie
100%
Aljieria Algérie
98%
Alamagn Allemagne
98%
Arc'hantina Argentine
98%
Korea an Norzh Corée du Nord
98%
Katar Qatar
98%
Tchekia Tchéquie
98%
Ukraina Ukraine
98%
Suafrika Afrique du Sud
97%
Makedonia Macédoine du Nord
97%
Danmark Danemark
96%
Luksembourg Luxembourg
96%
Papoua Ginea-Nevez Papouasie-Nouvelle-Guinée
96%
Filipinez Philippines
96%
Suis Suisse
96%
Siria Syrie
96%
Bosnia-ha-Herzegovina Bosnie-Herzégovine
95%
Etiopia Ethiopie
94%
Stadoù-Unanet Amerika Etats-Unis
93%
Soudan ar Su Soudan du Sud
92%
Emirelezhioù Arab Unanet Emirats arabes unis
91%
Aostria Autriche
90%
Sechelez Seychelles
89%
Mec'hiko Mexique
86%
Santez-Lusia Sainte-Lucie
86%
Moris Maurice
83%
Saint Kitts ha Nevis Saint-Christophe-et-Niévès
83%
Jorjia Géorgie
81%
Antigua-ha-Barbuda Antigua-et-Barbuda
80%
Ginea ar C'heheder Guinée équatoriale
76%
Timor ar Reter Timor oriental
75%
Sina Chine
74%
Rouantelezh-Unanet Royaume-Uni
69%
Kreizafrika Centrafrique
55%
Kab Glas Cap-Vert
54%
Bro-C'hall France
40%
Iwerzhon Irlande
38%
Kiprenez Chypre
30%
Izelvroioù Pays-Bas
29%
Aod an Olifant Côte d'Ivoire
26%
Aucun quiz correspondant
Distribution des résultats
% des personnes avec chaque résultat
Percentile par nombre de réponses
Votre historique - résultats
Vous n’avez pas pris ce quiz